[Event "North Bay int."]
[Site "North Bay CAN"]
[Date "1996.08.09"]
[Round "4"]
[White "Ciaffone, Robert"]
[Black "Fogarasi, Norbert"]
[Result "1/2-1/2"]
[WhiteElo "2287"]
[BlackElo "2059"]
[PlyCount "79"]
[EventDate "1996.08.07"]
[EventType "swiss"]
[EventRounds "9"]
[EventCountry "CAN"]

1. Nf3 d5 2. c4 e6 3. d4 c6 4. e3 Nf6 5. Bd3 Nbd7 6. O-O dxc4 7. Bxc4 b5 8. Bd3
a6 9. a4 b4 10. b3 c5 11. Bb2 Bb7 12. Nbd2 cxd4 13. Nxd4 Nc5 14. Bc4 Bd6 15.
Qe2 O-O 16. Rfd1 Nd5 17. Qg4 Nf6 18. Qh4 Nfe4 19. Qxd8 Rfxd8 20. Nxe4 Nxe4 21.
f3 Nf6 22. Kf2 Bc5 23. Ke2 Rd6 24. Nc2 Rad8 25. Rxd6 Rxd6 26. Rd1 Rxd1 27. Kxd1
Bd5 28. Bxd5 Nxd5 29. Kd2 f6 30. Bd4 Bd6 31. g3 e5 32. e4 Ne7 33. Bf2 Kf7 34.
Kd3 Ke6 35. Kc4 Nc6 36. Bb6 g6 37. Ne3 Be7 38. Nd5 Bd6 39. Bc5 Na5+ 40. Kxb4
1/2-1/2

[Event "North Bay int."]
[Site "North Bay CAN"]
[Date "1996.08.09"]
[Round "4"]
[White "Cote, Jacques"]
[Black "Kiviaho, Robert"]
[Result "1-0"]
[WhiteElo "2273"]
[BlackElo "2331"]
[PlyCount "158"]
[EventDate "1996.08.07"]
[EventType "swiss"]
[EventRounds "9"]
[EventCountry "CAN"]
[Source "ChessBase"]
[SourceDate "1997.11.17"]

1. e4 c5 2. Nf3 d6 3. d4 cxd4 4. Nxd4 Nf6 5. Nc3 Nc6 6. Bb5 Bd7 7. O-O g6 8.
Bg5 Bg7 9. Nb3 O-O 10. Qe2 a6 11. Bxc6 bxc6 12. e5 dxe5 13. Rad1 Qc7 14. Rfe1
Bf5 15. Nc5 Nd5 16. N3a4 a5 17. Qc4 Rfd8 18. a3 h6 19. Bd2 Bc8 20. Qb3 Bg4 21.
Rc1 Nf4 22. Bxf4 exf4 23. h3 Bf5 24. Re2 Rdb8 25. Qf3 Bxb2 26. Nxb2 Rxb2 27.
Nb3 a4 28. Nd4 Bc8 29. Qxc6 Rb7 30. Qe8+ Kg7 31. Nc6 e6 32. Rd1 Ra6 33. Nb4 Rd6
34. Red2 Bd7 35. Qa8 Rxd2 36. Rxd2 Ra7 37. Qe4 Bb5 38. Qd4+ Kh7 39. c4 Bxc4 40.
Rc2 Qd7 41. Qxd7 Rxd7 42. Rxc4 Rd1+ 43. Kh2 g5 44. Na6 f5 45. Rxa4 e5 46. Nc5
h5 47. Ra7+ Kg6 48. a4 g4 49. h4 Rd2 50. Re7 Rxf2 51. Re6+ Kf7 52. Rxe5 f3 53.
Rxf5+ Kg6 54. Rg5+ Kh6 55. Ne4 Rxg2+ 56. Kh1 Ra2 57. a5 Ra1+ 58. Kh2 Ra2+ 59.
Kg1 Ra1+ 60. Kf2 Ra2+ 61. Ke3 Ra3+ 62. Kd4 Ra4+ 63. Kd3 Ra3+ 64. Kd2 Ra2+ 65.
Kc3 Ra3+ 66. Kb4 Ra1 67. Ng3 f2 68. Rxh5+ Kg6 69. Rg5+ Kh7 70. Rxg4 Rg1 71. Rf4
Rxg3 72. a6 Rg4 73. Rxg4 f1=Q 74. Rc4 Qb1+ 75. Kc5 Qb8 76. Rb4 Qa7+ 77. Rb6 Kg7
78. Kc6 Kf6 79. h5 Ke7 1-0

[Event "North Bay int."]
[Site "North Bay CAN"]
[Date "1996.08.09"]
[Round "4"]
[White "Day, Lawrence"]
[Black "Peckford, William"]
[Result "1/2-1/2"]
[WhiteElo "2444"]
[BlackElo "2314"]
[PlyCount "54"]
[EventDate "1996.08.07"]
[EventType "swiss"]
[EventRounds "9"]
[EventCountry "CAN"]

1. e4 g6 2. d4 Bg7 3. c3 d6 4. Bg5 h6 5. Bh4 Nf6 6. Nd2 Nbd7 7. Ngf3 e5 8. dxe5
dxe5 9. Qc2 O-O 10. Nc4 Qe7 11. Ne3 c6 12. a4 Re8 13. Nd2 Nf8 14. a5 h5 15. f3
Bh6 16. Bf2 Ne6 17. Bc4 Nf4 18. O-O Nh7 19. Rfd1 h4 20. Kh1 Qg5 21. Bf1 Nf6 22.
Ndc4 Bf8 23. Rd2 N6h5 24. Qd1 Ng3+ 25. Kg1 Ngh5 26. Kh1 Ng3+ 27. Kg1 Ngh5
1/2-1/2

[Event "North Bay int."]
[Site "North Bay CAN"]
[Date "1996.08.09"]
[Round "4"]
[White "Deline, Ralph"]
[Black "Powell, Bryson"]
[Result "0-1"]
[WhiteElo "2067"]
[BlackElo "2084"]
[PlyCount "88"]
[EventDate "1996.08.07"]
[EventType "swiss"]
[EventRounds "9"]
[EventCountry "CAN"]

1. e4 Nf6 2. e5 Nd5 3. Nc3 Nxc3 4. bxc3 d6 5. f4 dxe5 6. fxe5 g6 7. d4 Bg7 8.
Nf3 O-O 9. Bc4 c5 10. O-O Nc6 11. Be3 Qc7 12. Qe2 Bg4 13. h3 Bxf3 14. Rxf3 Rad8
15. e6 f5 16. Bf4 Qa5 17. d5 Nd4 18. Qd3 Nxf3+ 19. Qxf3 Qxc3 20. Qxc3 Bxc3 21.
Rd1 Bd4+ 22. Kf1 Kg7 23. d6 Kf6 24. h4 Rxd6 25. Bg5+ Kg7 26. Bxe7 Rdd8 27. c3
Bf6 28. Bxd8 Rxd8 29. Rxd8 Bxd8 30. g3 Kf6 31. a4 Ba5 32. Ke2 Bxc3 33. Kf3 a6
34. g4 b5 35. axb5 axb5 36. Bd5 Be1 37. h5 Bh4 38. hxg6 hxg6 39. gxf5 gxf5 40.
Ke3 Ke5 41. Bc6 b4 42. Bd7 c4 43. Bb5 c3 44. Bc4 f4+ 0-1

[Event "North Bay int."]
[Site "North Bay CAN"]
[Date "1996.08.09"]
[Round "4"]
[White "Djerkovic, Miladin"]
[Black "Heyer, Jon Paul"]
[Result "1-0"]
[WhiteElo "2323"]
[BlackElo "2233"]
[PlyCount "87"]
[EventDate "1996.08.07"]
[EventType "swiss"]
[EventRounds "9"]
[EventCountry "CAN"]

1. e4 c6 2. d4 d5 3. Nd2 dxe4 4. Nxe4 Nd7 5. Bc4 Ndf6 6. Ng5 Nd5 7. N1f3 f6 8.
Ne4 Bg4 9. O-O e6 10. Re1 Qd7 11. h3 Bh5 12. Bb3 O-O-O 13. c4 Nc7 14. Be3 Bb4
15. Nc3 Ne7 16. a3 Ba5 17. Ba4 Bxc3 18. bxc3 e5 19. dxe5 Qxd1 20. Bxd1 b6 21.
exf6 Nf5 22. Bg5 Rxd1 23. Raxd1 Bxf3 24. fxg7 Nxg7 25. gxf3 Nge6 26. Bh4 Rf8
27. Rd6 Rf4 28. Bg3 Rxc4 29. Rexe6 Nxe6 30. Rxe6 Rxc3 31. Re3 Rc1+ 32. Kg2 Kd7
33. f4 Rc5 34. Kf3 Rf5 35. Re5 Rf7 36. Ke4 b5 37. Kd4 Rf6 38. Kc5 Rh6 39. Rg5
a5 40. Rg7+ Ke6 41. h4 b4 42. axb4 axb4 43. Kxb4 Kd5 44. Rd7+ 1-0

[Event "North Bay int."]
[Site "North Bay CAN"]
[Date "1996.08.09"]
[Round "4"]
[White "Filipovich, David"]
[Black "Linn, Peter"]
[Result "1/2-1/2"]
[WhiteElo "2299"]
[BlackElo "2081"]
[PlyCount "69"]
[EventDate "1996.08.07"]
[EventType "swiss"]
[EventRounds "9"]
[EventCountry "CAN"]

1. Nf3 d5 2. g3 Nc6 3. d4 Bf5 4. Bg2 Nb4 5. Na3 c6 6. c3 Na6 7. c4 e6 8. O-O
Nf6 9. b3 Qa5 10. Nc2 Qc3 11. Nfe1 Bxc2 12. Nxc2 Nb4 13. Nxb4 Qxa1 14. Qd2 Bxb4
15. Qxb4 Qxa2 16. cxd5 exd5 17. Ba3 O-O-O 18. Qa4 Qxe2 19. Qxa7 Qa6 20. Bh3+
Kc7 21. Qc5 Rhe8 22. Ra1 Qb6 23. Qc1 Qxd4 24. Bc5 Re1+ 25. Qxe1 Qxc5 26. b4 Qd4
27. b5 Re8 28. Qa5+ Qb6 29. Qd2 Ne4 30. Qf4+ Nd6 31. bxc6 bxc6 32. Qg4 Re7 33.
Qxg7 Ne4 34. Rf1 Qc5 35. Qf8 1/2-1/2

[Event "North Bay int."]
[Site "North Bay CAN"]
[Date "1996.08.09"]
[Round "4"]
[White "Gordon, David"]
[Black "Fiedler, Brian"]
[Result "1/2-1/2"]
[WhiteElo "2157"]
[BlackElo "2285"]
[PlyCount "58"]
[EventDate "1996.08.07"]
[EventType "swiss"]
[EventRounds "9"]
[EventCountry "CAN"]

1. d4 Nf6 2. c4 g6 3. Nc3 Bg7 4. e4 d6 5. f4 O-O 6. Nf3 c5 7. d5 e6 8. Be2 exd5
9. cxd5 Bg4 10. O-O Bxf3 11. Bxf3 Nbd7 12. Kh1 a6 13. a4 Re8 14. g4 Nb6 15. e5
dxe5 16. fxe5 Rxe5 17. Bf4 Re8 18. d6 Qd7 19. g5 Nh5 20. Bxh5 gxh5 21. a5 Nc4
22. Nd5 Qc6 23. Qf3 Nxd6 24. Nf6+ Bxf6 25. Qxc6 bxc6 26. gxf6 Ne4 27. Bh6 Re6
28. Rg1+ Kh8 29. Bg7+ Kg8 1/2-1/2

[Event "North Bay int."]
[Site "North Bay CAN"]
[Date "1996.08.09"]
[Round "4"]
[White "Gross, Ronald"]
[Black "Palsson, Halldor"]
[Result "1-0"]
[WhiteElo "2116"]
[BlackElo "2125"]
[PlyCount "55"]
[EventDate "1996.08.07"]
[EventType "swiss"]
[EventRounds "9"]
[EventCountry "CAN"]

1. d4 d5 2. c4 e6 3. Nc3 c6 4. Nf3 dxc4 5. e3 b5 6. a4 Bb4 7. Bd2 a5 8. axb5
Bxc3 9. Bxc3 cxb5 10. b3 Bb7 11. d5 Nf6 12. bxc4 b4 13. Bxf6 Qxf6 14. Qa4+ Nd7
15. Nd4 e5 16. Nb3 Ke7 17. Be2 Rhc8 18. O-O Nc5 19. Nxc5 Rxc5 20. f4 exf4 21.
Rxf4 Qe5 22. Raf1 Qxe3+ 23. Kh1 Rf8 24. Bg4 Rc7 25. d6+ Kxd6 26. Rd1+ Ke5 27.
Rf5+ Ke4 28. Qc2+ 1-0

[Event "North Bay int."]
[Site "North Bay CAN"]
[Date "1996.08.09"]
[Round "4"]
[White "Guo, Joshua"]
[Black "Pacey, Kevin"]
[Result "1/2-1/2"]
[WhiteElo "2209"]
[BlackElo "2297"]
[PlyCount "59"]
[EventDate "1996.08.07"]
[EventType "swiss"]
[EventRounds "9"]
[EventCountry "CAN"]

1. e4 Nc6 2. Nf3 e6 3. d4 d5 4. e5 b6 5. c3 Nce7 6. Bg5 h6 7. Bh4 Qd7 8. Bd3 a5
9. Bxe7 Nxe7 10. Qe2 Bb7 11. a4 Qc8 12. Na3 Ng8 13. O-O Bxa3 14. Rxa3 Ne7 15.
b4 O-O 16. b5 c6 17. Rb1 Qc7 18. Rab3 Rab8 19. h3 cxb5 20. Bxb5 Bc6 21. Qb2
Bxb5 22. Rxb5 Qc4 23. Qb3 Rfc8 24. Rxb6 Rxb6 25. Qxb6 Qxc3 26. Qb7 Rc7 27. Qa8+
Rc8 28. Qb7 Rc7 29. Qa8+ Rc8 30. Qb7 1/2-1/2

[Event "North Bay int."]
[Site "North Bay CAN"]
[Date "1996.08.09"]
[Round "4"]
[White "Hathaway, John"]
[Black "Cabanas, Francisco"]
[Result "0-1"]
[WhiteElo "2188"]
[BlackElo "2234"]
[PlyCount "98"]
[EventDate "1996.08.07"]
[EventType "swiss"]
[EventRounds "9"]
[EventCountry "CAN"]

1. d4 Nf6 2. Nf3 e6 3. Bg5 h6 4. Bxf6 Qxf6 5. e4 c5 6. c3 Nc6 7. Be2 cxd4 8.
cxd4 Bb4+ 9. Nc3 O-O 10. O-O Bxc3 11. bxc3 d6 12. Re1 e5 13. Rb1 b6 14. Qa4 Ne7
15. Qb5 Ng6 16. Qc6 Bg4 17. dxe5 dxe5 18. Qxf6 gxf6 19. Red1 Rfd8 20. Kf1 Rxd1+
21. Rxd1 Rc8 22. Rc1 Be6 23. Ba6 Rc5 24. a4 Ra5 25. Bb5 a6 26. Bc6 Bc4+ 27. Kg1
Nf4 28. Rb1 b5 29. axb5 axb5 30. Nd2 Bd3 31. Nb3 Ra3 32. Rb2 Bc4 33. Nd2 Ne2+
34. Kh1 Nxc3 35. h3 Bd3 36. f3 Ra6 37. Bd7 Rd6 38. Bc8 Nd1 39. Rb4 Be2 40. Nb3
Ne3 41. Na5 Rd1+ 42. Kh2 Rd2 43. Kg3 Bf1 44. Nc6 Rxg2+ 45. Kh4 Rg5 46. Bg4 h5
47. Kg3 hxg4 48. Kf2 gxh3 49. Kxe3 h2 0-1

[Event "North Bay int."]
[Site "North Bay CAN"]
[Date "1996.08.09"]
[Round "4"]
[White "Kamberi, Sonny"]
[Black "Dougherty, Michael"]
[Result "1-0"]
[WhiteElo "2316"]
[BlackElo "2310"]
[PlyCount "68"]
[EventDate "1996.08.07"]
[EventType "swiss"]
[EventRounds "9"]
[EventCountry "CAN"]

1. e4 g6 2. d4 Bg7 3. Nf3 c5 4. c3 cxd4 5. cxd4 d5 6. e5 Nc6 7. h3 Bf5 8. Nc3
e6 9. Nb5 Bf8 10. a3 a6 11. Nc3 h6 12. Be2 g5 13. Be3 Nge7 14. b4 b5 15. Rc1
Bg7 16. h4 g4 17. Nd2 Nxe5 18. dxe5 d4 19. Nxb5 axb5 20. Bxb5+ Kf8 21. Bf4 Ng6
22. Bg3 Bxe5 23. Bxe5 Nxe5 24. Qe2 Qd5 25. O-O Ng6 26. Qc4 Qd8 27. a4 Kg7 28.
Qc5 Qf6 29. g3 Ne5 30. Rfe1 Nd3 31. Bxd3 Bxd3 32. Ne4 Bxe4 33. Rxe4 e5 34.
Rxg4+ Kh7 1-0

[Event "North Bay int."]
[Site "North Bay CAN"]
[Date "1996.08.09"]
[Round "4"]
[White "Karklins, Andrew"]
[Black "Gonzales, Jorge A"]
[Result "1-0"]
[WhiteElo "2380"]
[BlackElo "2532"]
[PlyCount "67"]
[EventDate "1996.08.07"]
[EventType "swiss"]
[EventRounds "9"]
[EventCountry "CAN"]

1. e4 e5 2. Nf3 Nc6 3. d4 exd4 4. Nxd4 Nf6 5. Nxc6 bxc6 6. Nd2 d5 7. exd5 cxd5
8. Bb5+ Bd7 9. Bxd7+ Qxd7 10. O-O Be7 11. b3 O-O 12. Bb2 a5 13. Re1 Rfe8 14. a4
Qf5 15. Re5 Qf4 16. Nf3 Bd6 17. g3 Qh6 18. Rg5 c6 19. h4 Bc5 20. Nd4 Bxd4 21.
Qxd4 Re6 22. Rd1 Ne8 23. Qb6 f6 24. Rgxd5 Qg6 25. R5d2 Qe4 26. Rd3 h6 27. Bc3
f5 28. Re1 Qxe1+ 29. Bxe1 Rxe1+ 30. Kg2 Nf6 31. Rd8+ Rxd8 32. Qxd8+ Kh7 33.
Qxa5 Kg6 34. Qxe1 1-0

[Event "North Bay int."]
[Site "North Bay CAN"]
[Date "1996.08.09"]
[Round "4"]
[White "Koster, Ed"]
[Black "Jung, Hans"]
[Result "0-1"]
[WhiteElo "2207"]
[BlackElo "2327"]
[PlyCount "44"]
[EventDate "1996.08.07"]
[EventType "swiss"]
[EventRounds "9"]
[EventCountry "CAN"]

1. e4 d5 2. exd5 Qxd5 3. Nc3 Qa5 4. d4 e5 5. Nf3 Bg4 6. dxe5 Bb4 7. Bd2 Nc6 8.
Bb5 O-O-O 9. Bxc6 bxc6 10. Qe2 Ne7 11. O-O Bxf3 12. gxf3 Nf5 13. a3 Be7 14. b4
Nd4 15. Qe4 Qxe5 16. Bf4 Qf6 17. Kg2 Rhe8 18. Be5 Qg5+ 19. Qg4+ Qxg4+ 20. fxg4
Nxc2 21. Ra2 Nd4 22. Rc1 Bg5 0-1

[Event "North Bay int."]
[Site "North Bay CAN"]
[Date "1996.08.09"]
[Round "4"]
[White "Livshits, Ron"]
[Black "Hum, Peter"]
[Result "1-0"]
[WhiteElo "2468"]
[BlackElo "2234"]
[PlyCount "73"]
[EventDate "1996.08.07"]
[EventType "swiss"]
[EventRounds "9"]
[EventCountry "CAN"]

1. e4 e6 2. d4 d5 3. Nd2 Nf6 4. e5 Nfd7 5. c3 c5 6. Bd3 Nc6 7. Ne2 cxd4 8. cxd4
f6 9. exf6 Qxf6 10. Nf3 Bd6 11. Bg5 Qf7 12. O-O O-O 13. Bh4 h6 14. Nc3 a6 15.
Re1 Re8 16. Bc2 Nf8 17. Bg3 Bxg3 18. hxg3 Bd7 19. Ne5 Qf6 20. a3 Re7 21. Qd3
Rd8 22. Re3 g5 23. Rae1 Be8 24. Qd1 Qg7 25. Qd3 Kh8 26. Nb1 Rc8 27. Nc3 Rd8 28.
Bd1 Nxe5 29. Rxe5 Bg6 30. Qd2 Bf5 31. g4 Bg6 32. Na4 Nd7 33. Rxe6 Rxe6 34. Rxe6
Nf8 35. Re3 Be4 36. Nc5 Bg6 37. Bf3 1-0

[Event "North Bay int."]
[Site "North Bay CAN"]
[Date "1996.08.09"]
[Round "4"]
[White "Marshall, Peter"]
[Black "Bugbee, Brian"]
[Result "1/2-1/2"]
[WhiteElo "2251"]
[BlackElo "2013"]
[PlyCount "97"]
[EventDate "1996.08.07"]
[EventType "swiss"]
[EventRounds "9"]
[EventCountry "CAN"]

1. d4 Nf6 2. c4 c5 3. d5 b5 4. cxb5 a6 5. b6 d6 6. a4 a5 7. Nc3 g6 8. e4 Bg7 9.
Qb3 Bb7 10. Bb5+ Nfd7 11. Nge2 O-O 12. O-O Nxb6 13. Bg5 Na6 14. Bxa6 Bxa6 15.
Nb5 Qd7 16. Nec3 Rfb8 17. Rfe1 Nxa4 18. Qxa4 Bxb5 19. Nxb5 Qxb5 20. Bxe7 Be5
21. Reb1 Qxa4 22. Rxa4 f6 23. f4 Bxf4 24. Bxf6 Rf8 25. Bc3 Be3+ 26. Kh1 Rf2 27.
Rxa5 Rxa5 28. Bxa5 Bd4 29. Bc7 Be5 30. g3 Re2 31. b4 cxb4 32. Rxb4 Kg7 33. Rc4
h5 34. Bd8 Kh6 35. Rc7 Rxe4 36. h4 g5 37. Bxg5+ Kg6 38. Re7 Rd4 39. Re6+ Kf5
40. Rh6 Kg4 41. Kg2 Rxd5 42. Be3 Bc3 43. Bf4 Bb4 44. Rf6 Ra5 45. Be3 Ra2+ 46.
Bf2 Bd2 47. Rxd6 Be3 48. Rf6 Rxf2+ 49. Rxf2 1/2-1/2

[Event "North Bay int."]
[Site "North Bay CAN"]
[Date "1996.08.09"]
[Round "4"]
[White "Milicevic, Goran"]
[Black "Williams, Paul"]
[Result "0-1"]
[WhiteElo "2393"]
[BlackElo "2255"]
[PlyCount "116"]
[EventDate "1996.08.07"]
[EventType "swiss"]
[EventRounds "9"]
[EventCountry "CAN"]

1. d4 Nf6 2. Nf3 e6 3. Bf4 c5 4. e3 Qb6 5. Qc1 Nc6 6. c3 d5 7. Nbd2 Bd7 8. Bd3
Rc8 9. Qb1 cxd4 10. exd4 Na5 11. O-O Bb5 12. Ne5 Be7 13. Bg5 h6 14. Bh4 Nc6 15.
a4 Bxd3 16. Qxd3 Nxe5 17. dxe5 Nd7 18. Bxe7 Kxe7 19. Nf3 Qxb2 20. Rab1 Qxc3 21.
Qxc3 Rxc3 22. Rxb7 Ra8 23. h3 Kd8 24. a5 a6 25. Rfb1 Rc7 26. R7b4 Ke7 27. Re1
Rac8 28. Kh2 Rc4 29. Rb7 R4c7 30. Reb1 f6 31. exf6+ Kxf6 32. R7b3 e5 33. Rd1 d4
34. Nd2 Nc5 35. Rf3+ Ke6 36. Re1 Nd7 37. Rg3 g5 38. f4 gxf4 39. Rg6+ Kd5 40.
Rxa6 Rc2 41. Ne4 R2c6 42. Ra7 R8c7 43. Ra8 Rc1 44. Rxc1 Rxc1 45. Nd2 Rc2 46.
Nf1 e4 47. a6 e3 48. Rd8 Rc7 49. Re8 Nf6 50. Rd8+ Rd7 51. Rb8 e2 52. Rb1 exf1=Q
53. Rxf1 Ra7 54. Ra1 d3 55. Kg1 Kd4 56. Kf2 Ne4+ 57. Ke1 Kc3 58. Ra3+ Kc2 0-1

[Event "North Bay int."]
[Site "North Bay CAN"]
[Date "1996.08.09"]
[Round "4"]
[White "Moussa, Alaa Eddine"]
[Black "Southam, Todd"]
[Result "1/2-1/2"]
[WhiteElo "2219"]
[BlackElo "2398"]
[PlyCount "118"]
[EventDate "1996.08.07"]
[EventType "swiss"]
[EventRounds "9"]
[EventCountry "CAN"]

1. d4 Nf6 2. c4 g6 3. Nc3 Bg7 4. e4 d6 5. Be2 O-O 6. Bg5 h6 7. Be3 c5 8. d5 e6
9. h3 exd5 10. exd5 Re8 11. Nf3 Bf5 12. Nd2 g5 13. O-O Nbd7 14. Nb3 Ne4 15.
Nxe4 Bxe4 16. Bc1 Qe7 17. Bd3 Bxd3 18. Qxd3 Qe4 19. Qxe4 Rxe4 20. f4 g4 21. Nd2
Re2 22. hxg4 Bd4+ 23. Kh2 Rae8 24. Nf3 Rc2 25. Bd2 Re2 26. Rae1 Rcxd2 27. Nxd2
Rxd2 28. Re8+ Kg7 29. g5 hxg5 30. Re7 Nf6 31. fxg5 Ng4+ 32. Kg3 Ne5 33. Rxb7
Rd3+ 34. Kh2 Ng4+ 35. Kh1 Nf2+ 36. Kh2 Ng4+ 37. Kh1 Nf2+ 38. Kh2 Rd2 39. a4
Bxb2 40. Kg3 Ne4+ 41. Kf4 Re2 42. Kf3 Nc3 43. Rb1 Nxb1 44. Kxe2 Nc3+ 45. Kd3
Nxa4 46. Rxa7 Nb6 47. Rb7 Na4 48. Ra7 Nb6 49. Ra6 Nd7 50. Rxd6 Ne5+ 51. Ke4
Nxc4 52. Rc6 Kf8 53. d6 Ke8 54. Kd5 Ne3+ 55. Kxc5 Ba3+ 56. Kd4 Nf5+ 57. Ke5 Nh4
58. Rc8+ Kd7 59. Rc7+ Ke8 1/2-1/2

[Event "North Bay int."]
[Site "North Bay CAN"]
[Date "1996.08.09"]
[Round "4"]
[White "Olszewski, Piotr"]
[Black "Zendrowski, Jay"]
[Result "1-0"]
[WhiteElo "2276"]
[BlackElo "2224"]
[PlyCount "83"]
[EventDate "1996.08.07"]
[EventType "swiss"]
[EventRounds "9"]
[EventCountry "CAN"]

1. d4 Nf6 2. c4 g6 3. Nc3 Bg7 4. g3 O-O 5. Bg2 d6 6. e4 Nbd7 7. Nge2 e5 8. O-O
Re8 9. d5 a5 10. Rb1 Kh8 11. h3 Nc5 12. Be3 Nfd7 13. b3 f5 14. f3 Rf8 15. Qd2
Nf6 16. a3 a4 17. b4 Nb3 18. Qd3 Bd7 19. c5 Rf7 20. cxd6 cxd6 21. Nb5 Bxb5 22.
Qxb5 Nh5 23. g4 Nf4 24. Nxf4 exf4 25. Bxf4 Qf8 26. exf5 gxf5 27. g5 h6 28. Rfe1
hxg5 29. Bxg5 f4 30. h4 Bd4+ 31. Kh1 Be3 32. Qd3 Re8 33. Rbd1 Re5 34. Bh3 Rh7
35. Kg2 Qg7 36. Bg4 Kg8 37. Qc4 Qc7 38. Qd3 Qg7 39. Qc4 Re8 40. Re2 Rf8 41. Qe4
Nd4 42. Rxe3 1-0

[Event "North Bay int."]
[Site "North Bay CAN"]
[Date "1996.08.09"]
[Round "4"]
[White "Saleh, Maher"]
[Black "Shernoff, Leon"]
[Result "1-0"]
[WhiteElo "2280"]
[BlackElo "2100"]
[PlyCount "67"]
[EventDate "1996.08.07"]
[EventType "swiss"]
[EventRounds "9"]
[EventCountry "CAN"]

1. Nf3 Nf6 2. g3 g6 3. Bg2 Bg7 4. O-O O-O 5. c4 c6 6. d4 d6 7. Nc3 Qa5 8. e4
Bg4 9. h3 Bxf3 10. Bxf3 Nbd7 11. Be3 e5 12. d5 cxd5 13. cxd5 Rfc8 14. Qe2 a6
15. a3 Qd8 16. Rfc1 Qf8 17. b4 Bh6 18. Kg2 Rc7 19. Rc2 Rac8 20. Rac1 Bxe3 21.
Qxe3 Qd8 22. g4 h6 23. Qxh6 Nb6 24. g5 Nh7 25. Bg4 Na4 26. Bxc8 Qxc8 27. Qh4
Rxc3 28. Rxc3 Qxc3 29. Rxc3 Nxc3 30. Qg4 Nb5 31. a4 Nd4 32. h4 b5 33. Qc8+ Kg7
34. Qxa6 1-0

[Event "North Bay int."]
[Site "North Bay CAN"]
[Date "1996.08.09"]
[Round "4"]
[White "Southam, David"]
[Black "Boross-Harmer, Peter"]
[Result "0-1"]
[WhiteElo "2308"]
[BlackElo "2051"]
[PlyCount "100"]
[EventDate "1996.08.07"]
[EventType "swiss"]
[EventRounds "9"]
[EventCountry "CAN"]

1. d4 d5 2. Nf3 Bg4 3. c3 c6 4. Bf4 Nd7 5. Nbd2 Ngf6 6. h3 Bxf3 7. gxf3 Nh5 8.
Bh2 f5 9. f4 g6 10. e3 e6 11. Be2 Ndf6 12. Bg3 Nxg3 13. fxg3 h5 14. Qc2 Qa5 15.
a4 Be7 16. b4 Qc7 17. a5 a6 18. O-O-O Kf7 19. Nf3 Ne4 20. Ne5+ Kg7 21. Rdg1 Bf6
22. g4 Bxe5 23. fxe5 hxg4 24. hxg4 Rxh1 25. Rxh1 Rh8 26. Rxh8 Kxh8 27. Bd3 Qh7
28. Bxe4 fxe4 29. Qf2 Qh1+ 30. Kd2 Kg8 31. g5 Qb1 32. Qe2 Qb2+ 33. Ke1 Qxc3+
34. Kf2 Qxb4 35. Kg3 Qb1 36. Qf2 Qh1 37. Qf6 Qf3+ 38. Qxf3 exf3 39. Kxf3 Kf7
40. Ke2 Ke7 41. Kd2 Kd7 42. Kc3 Kc7 43. Kb3 b6 44. Kb4 bxa5+ 45. Kb3 Kb7 46.
Ka3 c5 47. Kb3 Kc6 48. Kc3 a4 49. Kb2 cxd4 50. exd4 Kb5 0-1

[Event "North Bay int."]
[Site "North Bay CAN"]
[Date "1996.08.09"]
[Round "4"]
[White "Thiele, Frank"]
[Black "Morrell, Gord"]
[Result "1/2-1/2"]
[WhiteElo "2108"]
[BlackElo "2226"]
[PlyCount "73"]
[EventDate "1996.08.07"]
[EventType "swiss"]
[EventRounds "9"]
[EventCountry "CAN"]

1. e4 e6 2. d4 d5 3. Nc3 Nf6 4. Bg5 Bb4 5. e5 h6 6. exf6 hxg5 7. fxg7 Rg8 8. h4
gxh4 9. Nf3 Qf6 10. a3 Bxc3+ 11. bxc3 c5 12. c4 Nc6 13. c3 Bd7 14. Rb1 b6 15.
Rxh4 Qxg7 16. Qd2 cxd4 17. cxd4 dxc4 18. g3 Rh8 19. Bxc4 Rxh4 20. gxh4 Na5 21.
Bb5 Rd8 22. Qd3 Qg6 23. Qxg6 fxg6 24. Bd3 Bc6 25. Bxg6+ Ke7 26. Ne5 Rxd4 27.
Rb4 Rd5 28. f4 Rc5 29. h5 Kf6 30. Rd4 Rc1+ 31. Kf2 Bd5 32. Nd7+ Kg7 33. f5 Rc2+
34. Ke1 Rc1+ 35. Kf2 Rc2+ 36. Ke1 Rc1+ 37. Kf2 1/2-1/2

[Event "North Bay int."]
[Site "North Bay CAN"]
[Date "1996.08.09"]
[Round "4"]
[White "Tipu, Vincent"]
[Black "Rajlich, Vasik"]
[Result "0-1"]
[WhiteElo "2348"]
[BlackElo "2340"]
[PlyCount "84"]
[EventDate "1996.08.07"]
[EventType "swiss"]
[EventRounds "9"]
[EventCountry "CAN"]

1. e4 c5 2. d4 cxd4 3. Nf3 e5 4. c3 dxc3 5. Nxc3 Nc6 6. Bc4 d6 7. Ng5 Nh6 8.
Qh5 g6 9. Qf3 f6 10. Ne6 Bxe6 11. Bxe6 Nd4 12. Qh3 f5 13. Bxh6 Nxe6 14. Bxf8
Nf4 15. Qh6 Rxf8 16. O-O Rf7 17. exf5 gxf5 18. Rad1 Rd7 19. Rfe1 Qe7 20. g3 Ng6
21. Nd5 Qg7 22. Qg5 Rf7 23. Rc1 Kf8 24. Rc2 Ne7 25. Qd2 Nxd5 26. Qxd5 Rd8 27.
Rec1 f4 28. Rc8 Qf6 29. Rxd8+ Qxd8 30. Qe6 Qf6 31. Qg4 Qg6 32. Qh4 Kg7 33. Rc3
h6 34. Qd8 Qb1+ 35. Kg2 f3+ 36. Kh3 Qf1+ 37. Kg4 Qxf2 38. Qxd6 Qe2 39. Kh5 f2+
40. g4 Rf5+ 41. Kh4 f1=Q 42. Rc7+ Rf7 0-1

[Event "North Bay int."]
[Site "North Bay CAN"]
[Date "1996.08.09"]
[Round "4"]
[White "Vera, Reynaldo"]
[Black "Sagalchik, Gennadij"]
[Result "1/2-1/2"]
[WhiteElo "2517"]
[BlackElo "2525"]
[PlyCount "132"]
[EventDate "1996.08.07"]
[EventType "swiss"]
[EventRounds "9"]
[EventCountry "CAN"]

1. d4 Nf6 2. c4 c5 3. d5 b5 4. cxb5 a6 5. f3 e6 6. e4 c4 7. Bxc4 Qc7 8. Bb3 Bc5
9. Nc3 axb5 10. Nge2 Ba6 11. Bg5 h6 12. Bh4 Qa7 13. e5 Nxd5 14. Nxd5 exd5 15.
Qxd5 O-O 16. Qe4 Nc6 17. Bf6 Nxe5 18. Bxe5 Rae8 19. Bc2 g6 20. Bb3 Kh7 21.
O-O-O d6 22. f4 f5 23. Qc2 dxe5 24. Kb1 e4 25. Rd5 Be7 26. Rhd1 Rd8 27. g4 b4
28. Bc4 Rxd5 29. Rxd5 Rc8 30. b3 Bxc4 31. bxc4 Rc5 32. Qd1 fxg4 33. Ng3 Rxd5
34. cxd5 e3 35. f5 gxf5 36. Nxf5 Bf6 37. Qd3 Kh8 38. Nxe3 Qd4 39. Qxd4 Bxd4 40.
Nxg4 Kg7 41. h3 h5 42. Nh2 Kf6 43. Nf3 Bc5 44. Kc2 Kf5 45. Kd3 Kf4 46. Nd4 Ke5
47. Ne6 Kxd5 48. Nf4+ Ke5 49. Nxh5 Bf2 50. Kc4 Be1 51. Ng7 Kf4 52. Ne6+ Kg3 53.
Nc5 Kxh3 54. Nd3 b3 55. Kxb3 Bd2 56. Nf2+ Kg2 57. Ne4 Ba5 58. Ka4 Be1 59. Kb5
Kf3 60. Nc5 Ke3 61. Na6 Ke4 62. Nb4 Kf5 63. a4 Ke6 64. a5 Kd6 65. a6 Bf2 66.
Nd3 Bg1 1/2-1/2

[Event "North Bay int."]
[Site "North Bay CAN"]
[Date "1996.08.09"]
[Round "4"]
[White "Williams, Paul"]
[Black "Chow, Albert"]
[Result "1/2-1/2"]
[WhiteElo "2255"]
[BlackElo "2366"]
[PlyCount "24"]
[EventDate "1996.08.07"]
[EventType "swiss"]
[EventRounds "9"]
[EventCountry "CAN"]

1. Nf3 c5 2. c4 Nf6 3. Nc3 Nc6 4. e3 e6 5. d4 d5 6. cxd5 Nxd5 7. Bc4 Be7 8. O-O
cxd4 9. exd4 O-O 10. Re1 b6 11. a3 Bb7 12. Nxd5 exd5 1/2-1/2

[Event "North Bay int."]
[Site "North Bay CAN"]
[Date "1996.08.09"]
[Round "4"]
[White "Winterton, Ken"]
[Black "Kret, Ted"]
[Result "1-0"]
[WhiteElo "2015"]
[BlackElo "2242"]
[PlyCount "99"]
[EventDate "1996.08.07"]
[EventType "swiss"]
[EventRounds "9"]
[EventCountry "CAN"]

1. d4 Nf6 2. Bg5 Ne4 3. Bh4 d5 4. Nd2 Bf5 5. Nxe4 Bxe4 6. e3 c6 7. c3 Qb6 8.
Qd2 e6 9. Ne2 Bd6 10. Bg3 Bxg3 11. hxg3 Nd7 12. Nf4 O-O-O 13. f3 Bg6 14. Nxg6
hxg6 15. Rh3 c5 16. Be2 Qc7 17. Kf2 Rxh3 18. gxh3 Nf6 19. Kg2 Kb8 20. Bd3 Qa5
21. a3 c4 22. Bc2 Qb5 23. Rb1 a6 24. Qe2 Re8 25. b4 e5 26. Qf2 exd4 27. exd4
Qd7 28. Re1 Re6 29. g4 Qe8 30. Qg3+ Kc8 31. Rxe6 Qxe6 32. Qe5 Qxe5 33. dxe5 Ne8
34. f4 Nc7 35. a4 d4 36. cxd4 Nd5 37. Kf3 Nxb4 38. Be4 c3 39. Ke2 b5 40. axb5
axb5 41. Kd1 Kd7 42. h4 Nc6 43. Bxc6+ Kxc6 44. Kc2 b4 45. f5 Kd5 46. Kd3 gxf5
47. gxf5 g6 48. e6 fxe6 49. fxg6 e5 50. dxe5 1-0